[Event "Titled Tuesday intern op 13th Jun Early"]
[Site "Chess.com INT"]
[Date "2023.06.13"]
[Round "11"]
[White "Pein, Jonathan"]
[Black "Huerter, Helmut"]
[Result "1-0"]
[WhiteElo "2276"]
[BlackElo "2232"]
[PlyCount "44"]
[EventDate "2023.06.13"]
[EventType "swiss (blitz)"]
[EventRounds "11"]
[EventCountry "USA"]
[SourceTitle "EXT 2024"]
[Source "ChessBase"]
[SourceDate "2023.10.10"]
[SourceVersion "1"]
[SourceVersionDate "2023.10.10"]
[SourceQuality "1"]

1. g3 e5 2. Bg2 f5 3. d4 e4 4. c4 Nf6 5. h4 d5 6. Nc3 c6 7. cxd5 cxd5 8. Bg5 Bb4 9. Qb3 Nc6 10. e3 0-0 11. Bxf6 Qxf6 12. Qxd5+ Be6 13. Qb5 a6 14. Qe2 Na5 15. Nh3 Bc4 16. Qh5 Rac8 17. Nf4 Bd3 18. Nxd3 exd3 19. 0-0 Nc4 20. Nd5 Qd6 21. Nf4 g6 22. Qh6 Nb6 1-0

[Event "Titled Tuesday intern op 13th Jun Early"]
[Site "Chess.com INT"]
[Date "2023.06.13"]
[Round "5"]
[White "Winkels, Marcel"]
[Black "Huerter, Helmut"]
[Result "0-1"]
[WhiteElo "1920"]
[BlackElo "2232"]
[PlyCount "56"]
[EventDate "2023.06.13"]
[EventType "swiss (blitz)"]
[EventRounds "11"]
[EventCountry "USA"]
[SourceTitle "EXT 2024"]
[Source "ChessBase"]
[SourceDate "2023.10.10"]
[SourceVersion "1"]
[SourceVersionDate "2023.10.10"]
[SourceQuality "1"]

1. e4 c5 2. Nf3 e6 3. d3 d5 4. Nbd2 Nf6 5. g3 Nc6 6. Bg2 Be7 7. 0-0 b5 8. Re1 b4 9. e5 Nd7 10. Nf1 a5 11. Bf4 a4 12. b3 Nb6 13. Qd2 Bd7 14. h4 h6 15. h5 Ra5 16. N1h2 Qa8 17. Ng4 axb3 18. cxb3 Ra3 19. Qc2 Na5 20. Rab1 Nc6 21. Re2 Qa6 22. Bf1 Kd8 23. Rc1 Kc7 24. d4 c4 25. Rd2 Na5 26. Ne3 Bb5 27. bxc4 Naxc4 28. Nxc4 Bxc4 0-1

[Event "Titled Tuesday intern op 09th May Early"]
[Site "Chess.com INT"]
[Date "2023.05.09"]
[Round "3"]
[White "Huerter, Helmut"]
[Black "Cattaneo, Marco"]
[Result "0-1"]
[WhiteElo "2237"]
[BlackElo "2250"]
[PlyCount "72"]
[EventDate "2023.05.09"]
[EventType "swiss (blitz)"]
[EventRounds "11"]
[EventCountry "USA"]
[SourceTitle "CBM 214 Extra"]
[Source "ChessBase"]
[SourceDate "2023.07.31"]
[SourceVersion "1"]
[SourceVersionDate "2023.07.31"]
[SourceQuality "1"]

1. e4 Nf6 2. e5 Nd5 3. Nc3 e6 4. Ne4 d6 5. d4 Nd7 6. Nf3 Be7 7. Bd3 Nb4 8. Be2 dxe5 9. dxe5 Nc5 10. Nxc5 Qxd1+ 11. Bxd1 Bxc5 12. a3 Nc6 13. b4 Be7 14. Be2 a5 15. b5 Nb8 16. Bf4 Nd7 17. 0-0 h6 18. Nd2 Nc5 19. h3 Bd7 20. Rfd1 0-0 21. a4 Rfd8 22. Bf3 c6 23. Nc4 cxb5 24. Nb6 Rab8 25. Be3 Bc6 26. Rxd8+ Rxd8 27. Bxc6 bxc6 28. axb5 cxb5 29. Rxa5 Rd1+ 30. Kh2 Ne4 31. Ra8+ Kh7 32. Ra7 Bc5 33. Bxc5 Nxc5 34. Rxf7 Rd2 35. Nc8 Rxc2 36. Nd6 b4 0-1

[Event "Titled Tuesday intern op 09th May Early"]
[Site "Chess.com INT"]
[Date "2023.05.09"]
[Round "6"]
[White "Huerter, Helmut"]
[Black "Koridze, Lile"]
[Result "1/2-1/2"]
[WhiteElo "2237"]
[BlackElo "2191"]
[PlyCount "143"]
[EventDate "2023.05.09"]
[EventType "swiss (blitz)"]
[EventRounds "11"]
[EventCountry "USA"]
[SourceTitle "CBM 214 Extra"]
[Source "ChessBase"]
[SourceDate "2023.07.31"]
[SourceVersion "1"]
[SourceVersionDate "2023.07.31"]
[SourceQuality "1"]

1. e4 c5 2. Nc3 d6 3. Nf3 Nf6 4. e5 dxe5 5. Nxe5 e6 6. g3 Bd6 7. Nc4 Bc7 8. Bg2 0-0 9. 0-0 Nc6 10. d3 Bd7 11. Ne4 Nxe4 12. dxe4 Qe7 13. a4 Rfd8 14. c3 Ne5 15. Qe2 Bc6 16. Be3 a6 17. Rfd1 b5 18. Nxe5 Bxe5 19. axb5 axb5 20. f4 Bc7 21. Qf2 Bb6 22. b4 Qb7 23. bxc5 Rxd1+ 24. Rxd1 Ba5 25. Qc2 Rc8 26. Ra1 Bd8 27. Rb1 Be7 28. Bd4 Be8 29. e5 Qc7 30. Qf2 Bxc5 31. Bxc5 Qxc5 32. Qxc5 Rxc5 33. Rb3 Kf8 34. Kf2 f6 35. exf6 gxf6 36. Ke3 Ke7 37. Kd4 Kd6 38. Bf1 Rd5+ 39. Ke3 e5 40. Bd3 exf4+ 41. gxf4 Rh5 42. Rb2 Rh3+ 43. Kd4 Rf3 44. Bxh7 Rxf4+ 45. Ke3 Rh4 46. Bd3 Kc5 47. Rf2 Rh6 48. Kd2 Bd7 49. Bc2 Be6 50. Bd3 Bd5 51. Bc2 Be6 52. Bd3 f5 53. Bc2 Kd6 54. Bd3 Bd7 55. Kc2 Ke5 56. Kb3 f4 57. Kb4 Rd6 58. Bxb5 Bf5 59. Re2+ Kf6 60. c4 f3 61. Rf2 Rd3 62. c5 Re3 63. c6 Ke7 64. Kc5 Rc3+ 65. Kb6 Kd6 66. Rd2+ Ke7 67. c7 Be6 68. Ba6 Rb3+ 69. Kc5 Rc3+ 70. Kb6 Rb3+ 71. Ka7 Rc3 72. Kb6 1/2-1/2

[Event "Titled Tuesday intern op 18th Apr Early"]
[Site "Chess.com INT"]
[Date "2023.04.18"]
[Round "6"]
[White "Andrews, Todd D"]
[Black "Huerter, Helmut"]
[Result "1-0"]
[WhiteElo "2217"]
[BlackElo "2237"]
[PlyCount "63"]
[EventDate "2023.04.18"]
[EventType "swiss (blitz)"]
[EventRounds "11"]
[EventCountry "USA"]
[SourceTitle "EXT 2024"]
[Source "ChessBase"]
[SourceDate "2023.10.10"]
[SourceVersion "1"]
[SourceVersionDate "2023.10.10"]
[SourceQuality "1"]

1. e4 c5 2. Nf3 e6 3. d3 d5 4. Nbd2 Nf6 5. g3 Nc6 6. Bg2 Be7 7. 0-0 b5 8. Re1 b4 9. e5 Nd7 10. Nf1 a5 11. h4 h6 12. Bf4 Ba6 13. Qd2 a4 14. h5 Nb6 15. N1h2 c4 16. d4 Qc7 17. c3 a3 18. Rec1 axb2 19. Qxb2 Na4 20. Qc2 Nxc3 21. a3 Nb5 22. axb4 Nxb4 23. Qa4 0-0 24. Bf1 Rfb8 25. Ng4 Qc6 26. Qd1 Bc8 27. Rxa8 Rxa8 28. Bxh6 gxh6 29. Qd2 Kf8 30. Qxh6+ Ke8 31. Qg7 Kd7 32. h6 1-0

[Event "Titled Tuesday intern op 18th Apr Early"]
[Site "Chess.com INT"]
[Date "2023.04.18"]
[Round "7"]
[White "Huerter, Helmut"]
[Black "Alexikov, Alexander"]
[Result "1-0"]
[WhiteElo "2237"]
[BlackElo "2223"]
[PlyCount "115"]
[EventDate "2023.04.18"]
[EventType "swiss (blitz)"]
[EventRounds "11"]
[EventCountry "USA"]
[SourceTitle "EXT 2024"]
[Source "ChessBase"]
[SourceDate "2023.10.10"]
[SourceVersion "1"]
[SourceVersionDate "2023.10.10"]
[SourceQuality "1"]

1. e4 c5 2. Nc3 Nc6 3. Nf3 g6 4. Bc4 Bg7 5. 0-0 e6 6. d4 cxd4 7. Nb5 d5 8. exd5 exd5 9. Bxd5 Nge7 10. Bxc6+ Nxc6 11. Re1+ Kf8 12. Bf4 Be6 13. Nc7 Bd5 14. Nxa8 Qxa8 15. Ne5 Qd8 16. Nxc6 Bxc6 17. Be5 Qd5 18. Bxg7+ Kxg7 19. f3 Rd8 20. Qd2 Rd7 21. a3 a5 22. Rad1 Qc5 23. Kh1 a4 24. Qe2 f6 25. h4 g5 26. hxg5 Qxg5 27. Kg1 h5 28. Qd2 Qg3 29. Qf2 Qf4 30. Rd2 h4 31. Red1 h3 32. Rxd4 Rxd4 33. Qxd4 Qg3 34. Qg4+ Qxg4 35. fxg4 hxg2 36. Rd4 Kg6 37. Kf2 Kg5 38. b3 axb3 39. cxb3 Kh4 40. a4 Kh3 41. Kg1 Kg3 42. a5 Kf3 43. b4 Ke3 44. Rc4 Bf3 45. Rc3+ Kf4 46. Rxf3+ Kxf3 47. b5 Kxg4 48. a6 Kg3 49. axb7 f5 50. b8Q+ f4 51. Qe5 Kf3 52. Qe1 Kg4 53. Qf2 f3 54. Kh2 Kf4 55. b6 Ke4 56. b7 Kf4 57. b8Q+ Ke4 58. Qe8+ 1-0

[Event "Titled Tuesday intern op 18th Apr Early"]
[Site "Chess.com INT"]
[Date "2023.04.18"]
[Round "9"]
[White "Huerter, Helmut"]
[Black "Begunov, Konstantin"]
[Result "0-1"]
[WhiteElo "2237"]
[BlackElo "2325"]
[PlyCount "38"]
[EventDate "2023.04.18"]
[EventType "swiss (blitz)"]
[EventRounds "11"]
[EventCountry "USA"]
[SourceTitle "EXT 2024"]
[Source "ChessBase"]
[SourceDate "2023.10.10"]
[SourceVersion "1"]
[SourceVersionDate "2023.10.10"]
[SourceQuality "1"]

1. e4 c5 2. Nc3 d6 3. Nf3 a6 4. d4 cxd4 5. Nxd4 Nf6 6. f4 e5 7. Nf3 Nbd7 8. a4 Be7 9. Bd3 0-0 10. 0-0 b6 11. Qe1 Bb7 12. Kh1 Re8 13. Bd2 exf4 14. Bxf4 Bf8 15. Nd4 d5 16. e5 Nh5 17. Qf2 Nxf4 18. Qxf4 Nxe5 19. Rae1 f6 0-1

[Event "Titled Tuesday intern op 18th Apr Early"]
[Site "Chess.com INT"]
[Date "2023.04.18"]
[Round "10"]
[White "Pein, Jonathan"]
[Black "Huerter, Helmut"]
[Result "1-0"]
[WhiteElo "2301"]
[BlackElo "2237"]
[PlyCount "57"]
[EventDate "2023.04.18"]
[EventType "swiss (blitz)"]
[EventRounds "11"]
[EventCountry "USA"]
[SourceTitle "EXT 2024"]
[Source "ChessBase"]
[SourceDate "2023.10.10"]
[SourceVersion "1"]
[SourceVersionDate "2023.10.10"]
[SourceQuality "1"]

1. e4 c5 2. Nf3 e6 3. d4 cxd4 4. Nxd4 Nc6 5. Nc3 Qc7 6. Be3 a6 7. f4 Bb4 8. Qf3 Nf6 9. Be2 d5 10. Nxc6 Qxc6 11. exd5 Nxd5 12. Bd4 Nxc3 13. Qxc6+ bxc6 14. bxc3 Bf8 15. Bf3 Bd7 16. Rb1 f6 17. Rb7 Bd6 18. 0-0 Ke7 19. Rd1 Rhc8 20. c4 Rab8 21. Ra7 Ra8 22. Rxd7+ Kxd7 23. c5 Bc7 24. Bxf6+ Ke8 25. Bxc6+ Kf7 26. Bxa8 gxf6 27. Rd7+ Kg6 28. Be4+ f5 29. Bb7 1-0

[Event "Titled Tuesday intern op 11th Apr Early"]
[Site "Chess.com INT"]
[Date "2023.04.11"]
[Round "11"]
[White "Huerter, Helmut"]
[Black "Estrada Nieto, Julian"]
[Result "0-1"]
[WhiteElo "2237"]
[BlackElo "2217"]
[PlyCount "62"]
[EventDate "2023.04.11"]
[EventType "swiss (blitz)"]
[EventRounds "11"]
[EventCountry "USA"]
[SourceTitle "CBM 213 Extra"]
[Source "ChessBase"]
[SourceDate "2023.05.31"]
[SourceVersion "1"]
[SourceVersionDate "2023.05.31"]
[SourceQuality "1"]

1. e4 e5 2. Nc3 Nf6 3. Nf3 Nc6 4. Bb5 Bb4 5. d3 0-0 6. Bg5 Bxc3+ 7. bxc3 d6 8. 0-0 Qe7 9. Re1 Nd8 10. d4 Ne6 11. Bc1 c6 12. Bf1 Qc7 13. g3 Re8 14. a4 Qa5 15. Bd2 Bd7 16. c4 Qc7 17. c3 Rac8 18. Qb3 exd4 19. cxd4 c5 20. d5 Nd4 21. Nxd4 cxd4 22. Bd3 Bh3 23. f3 Nd7 24. f4 Nc5 25. Qc2 Nxd3 26. Qxd3 Qxc4 27. Qxc4 Rxc4 28. Rec1 Rxc1+ 29. Rxc1 Rxe4 30. Rc7 Re2 31. Bb4 d3 0-1

[Event "Titled Tuesday intern op 11th Apr Early"]
[Site "Chess.com INT"]
[Date "2023.04.11"]
[Round "4"]
[White "Huerter, Helmut"]
[Black "Rios Escobar, Adan"]
[Result "0-1"]
[WhiteElo "2237"]
[BlackElo "2234"]
[PlyCount "52"]
[EventDate "2023.04.11"]
[EventType "swiss (blitz)"]
[EventRounds "11"]
[EventCountry "USA"]
[SourceTitle "CBM 213 Extra"]
[Source "ChessBase"]
[SourceDate "2023.05.31"]
[SourceVersion "1"]
[SourceVersionDate "2023.05.31"]
[SourceQuality "1"]

1. e4 c5 2. Nc3 d6 3. Nf3 Nf6 4. d4 cxd4 5. Nxd4 a6 6. f4 e5 7. Nf3 Qc7 8. Bd3 Be7 9. a4 0-0 10. 0-0 Nc6 11. Kh1 Bg4 12. Qe1 Nb4 13. Qg3 Be6 14. f5 Bc4 15. Bh6 Ne8 16. Bxc4 Qxc4 17. Nd2 Qc7 18. f6 Bxf6 19. Rxf6 Kh8 20. Bxg7+ Nxg7 21. Raf1 Rad8 22. Rh6 f5 23. Qh3 Kg8 24. Rxh7 d5 25. exf5 Qe7 26. Qg4 Qf6 0-1

[Event "Titled Tuesday intern op 04th Apr Early"]
[Site "Chess.com INT"]
[Date "2023.04.04"]
[Round "3"]
[White "Gubajdullin, Alexey"]
[Black "Huerter, Helmut"]
[Result "1-0"]
[WhiteElo "2300"]
[BlackElo "2237"]
[PlyCount "33"]
[EventDate "2023.04.04"]
[EventType "swiss (blitz)"]
[EventRounds "11"]
[EventCountry "USA"]
[SourceTitle "EXT 2024"]
[Source "ChessBase"]
[SourceDate "2023.10.10"]
[SourceVersion "1"]
[SourceVersionDate "2023.10.10"]
[SourceQuality "1"]

1. d4 Nf6 2. Nf3 e6 3. Bf4 c5 4. e3 b6 5. h3 Bb7 6. Nbd2 Be7 7. Be2 0-0 8. 0-0 d6 9. a4 a6 10. Nc4 cxd4 11. exd4 Qc7 12. a5 b5 13. Nb6 Ra7 14. c4 bxc4 15. Bxc4 Nbd7 16. Qb3 Nd5 17. Bxd5 1-0

[Event "Titled Tuesday intern op 04th Apr Early"]
[Site "Chess.com INT"]
[Date "2023.04.04"]
[Round "8"]
[White "Huerter, Helmut"]
[Black "Goncalves, Davi Sulzbacher"]
[Result "1-0"]
[WhiteElo "2237"]
[BlackElo "2282"]
[PlyCount "33"]
[EventDate "2023.04.04"]
[EventType "swiss (blitz)"]
[EventRounds "11"]
[EventCountry "USA"]
[SourceTitle "EXT 2024"]
[Source "ChessBase"]
[SourceDate "2023.10.10"]
[SourceVersion "1"]
[SourceVersionDate "2023.10.10"]
[SourceQuality "1"]

1. e4 c5 2. Nc3 e6 3. Nf3 d5 4. exd5 exd5 5. Bb5+ Nc6 6. d4 Nf6 7. 0-0 Be7 8. Ne5 0-0 9. Bxc6 bxc6 10. Nxc6 Qc7 11. Nxe7+ Qxe7 12. Bg5 h6 13. Nxd5 Qd6 14. Nxf6+ Kh8 15. Qh5 Bf5 16. Bxh6 Bg6 17. Qh4 1-0

[Event "Titled Tuesday intern op 04th Apr Early"]
[Site "Chess.com INT"]
[Date "2023.04.04"]
[Round "10"]
[White "Huerter, Helmut"]
[Black "Skaric, Djuro"]
[Result "1/2-1/2"]
[WhiteElo "2237"]
[BlackElo "2334"]
[PlyCount "100"]
[EventDate "2023.04.04"]
[EventType "swiss (blitz)"]
[EventRounds "11"]
[EventCountry "USA"]
[SourceTitle "EXT 2024"]
[Source "ChessBase"]
[SourceDate "2023.10.10"]
[SourceVersion "1"]
[SourceVersionDate "2023.10.10"]
[SourceQuality "1"]

1. e4 d6 2. Nc3 g6 3. f4 Bg7 4. Nf3 Nf6 5. Bc4 Nc6 6. d3 a6 7. a4 Bg4 8. h3 Bxf3 9. Qxf3 Nd4 10. Qf2 c5 11. 0-0 e6 12. Be3 Nc6 13. e5 Nd5 14. Nxd5 exd5 15. Bxd5 0-0 16. Bxc6 bxc6 17. d4 cxd4 18. Bxd4 d5 19. b4 Qd7 20. c3 f6 21. Qe3 fxe5 22. fxe5 Rxf1+ 23. Rxf1 Re8 24. Qf4 Qe6 25. Re1 h6 26. Qg3 Rf8 27. a5 Rf5 28. Qe3 h5 29. Qg3 Kh7 30. Qe3 Bh6 31. Qg3 Bf4 32. Qh4 Bxe5 33. Bxe5 Rxe5 34. Rxe5 Qxe5 35. Qd4 Qxd4+ 36. cxd4 g5 37. Kf2 Kg6 38. g4 hxg4 39. hxg4 Kf6 40. Ke3 Ke6 41. Kd3 Kf6 42. Kc3 Ke6 43. Kb3 Kd6 44. Ka3 Kc7 45. Kb3 Kb7 46. Kc3 Kc7 47. Kd3 Kd6 48. Kc3 Ke6 49. Kd3 Kd6 50. Kc3 Ke6 1/2-1/2

[Event "Titled Tuesday intern op 28th Mar Early"]
[Site "Chess.com INT"]
[Date "2023.03.28"]
[Round "4"]
[White "Huerter, Helmut"]
[Black "Aveskulov, Valeriy"]
[Result "0-1"]
[WhiteElo "2264"]
[BlackElo "2509"]
[PlyCount "110"]
[EventDate "2023.03.28"]
[EventType "swiss (blitz)"]
[EventRounds "11"]
[EventCountry "USA"]
[SourceTitle "EXT 2024"]
[Source "ChessBase"]
[SourceDate "2023.10.10"]
[SourceVersion "1"]
[SourceVersionDate "2023.10.10"]
[SourceQuality "1"]

1. e4 c5 2. Nc3 a6 3. Nf3 d6 4. d4 cxd4 5. Nxd4 Nf6 6. f4 e5 7. Nf3 Nbd7 8. a4 Qc7 9. Bd3 Be7 10. 0-0 0-0 11. Kh1 exf4 12. Bxf4 Ne5 13. Qe1 Be6 14. Nd4 Rae8 15. Bg5 h6 16. Bxf6 Bxf6 17. Nf5 Nxd3 18. cxd3 Bxc3 19. Qxc3 Qxc3 20. bxc3 Rd8 21. c4 Rd7 22. Rab1 Rc8 23. Rb6 Bxf5 24. Rxf5 Rc5 25. Rd5 Rxd5 26. exd5 Kf8 27. Kg1 Ke7 28. Kf2 Kd8 29. Ke3 Kc7 30. a5 Re7+ 31. Kd4 Re2 32. c5 dxc5+ 33. Kxc5 Rc2+ 34. Kd4 Rxg2 35. d6+ Kc8 36. d7+ Kxd7 37. Rxb7+ Ke6 38. Rb6+ Kf5 39. Rxa6 Rxh2 40. Rb6 Ra2 41. a6 h5 42. Kc3 h4 43. Kb3 Ra1 44. Rb5+ Kg6 45. Rb4 Rxa6 46. Rxh4 f5 47. d4 Rc6 48. d5 Rc1 49. Rd4 Kf7 50. d6 Ke8 51. Kb2 Rc6 52. d7+ Kd8 53. Kb3 g5 54. Rd5 Rf6 55. Kc4 g4 0-1

[Event "Titled Tuesday intern op 21st Mar Early"]
[Site "Chess.com INT"]
[Date "2023.03.21"]
[Round "10"]
[White "Huerter, Helmut"]
[Black "Vila Dupla, Aurelio"]
[Result "1-0"]
[WhiteElo "2264"]
[BlackElo "2030"]
[PlyCount "91"]
[EventDate "2023.03.21"]
[EventType "swiss (blitz)"]
[EventRounds "11"]
[EventCountry "USA"]
[SourceTitle "EXT 2024"]
[Source "ChessBase"]
[SourceDate "2023.10.10"]
[SourceVersion "1"]
[SourceVersionDate "2023.10.10"]
[SourceQuality "1"]

1. e4 c5 2. Nc3 d6 3. Nf3 Nc6 4. d4 cxd4 5. Nxd4 g6 6. f3 Bg7 7. Be3 Nf6 8. Qd2 0-0 9. 0-0-0 d5 10. exd5 Nxd5 11. Nxc6 bxc6 12. Bd4 Nxc3 13. Qxc3 Bh6+ 14. Be3 Bxe3+ 15. Qxe3 Qb6 16. Qxe7 Be6 17. Qa3 Rad8 18. Bd3 Rd5 19. b3 Rfd8 20. Rhe1 c5 21. Be4 Rxd1+ 22. Rxd1 Rxd1+ 23. Kxd1 c4 24. Ke2 Qg1 25. g4 Qxh2+ 26. Ke3 c3 27. Qc1 Qh6+ 28. f4 Qh3+ 29. Kd4 Bxg4 30. Bd3 Bf5 31. Kxc3 Bxd3 32. cxd3 Qc8+ 33. Kd2 Qxc1+ 34. Kxc1 h5 35. Kd2 f6 36. b4 Kf7 37. a4 Ke7 38. b5 Kd6 39. a5 Kc7 40. d4 g5 41. fxg5 fxg5 42. d5 h4 43. Ke3 g4 44. Kf2 g3+ 45. Kg2 Kd7 46. b6 1-0

[Event "Titled Tuesday intern op 14th Mar Late"]
[Site "Chess.com INT"]
[Date "2023.03.14"]
[Round "11"]
[White "Huerter, Helmut"]
[Black "Rios Escobar, Adan"]
[Result "0-1"]
[WhiteElo "2264"]
[BlackElo "2276"]
[PlyCount "62"]
[EventDate "2023.03.14"]
[EventType "swiss (blitz)"]
[EventRounds "11"]
[EventCountry "USA"]
[SourceTitle "EXT 2024"]
[Source "ChessBase"]
[SourceDate "2023.10.10"]
[SourceVersion "1"]
[SourceVersionDate "2023.10.10"]
[SourceQuality "1"]

1. e4 c5 2. Nc3 d6 3. Nf3 Nf6 4. d4 cxd4 5. Nxd4 a6 6. f4 Qc7 7. Be2 Nc6 8. Be3 g6 9. g4 Bg7 10. g5 Nd7 11. Nb3 b5 12. Qd2 Bb7 13. 0-0-0 Nb4 14. Bd4 e5 15. fxe5 Nxe5 16. a3 Nbc6 17. Nd5 Qd8 18. Bb6 Qd7 19. Nc7+ Ke7 20. Nxa8 Rxa8 21. Nd4 Rc8 22. Nxc6+ Qxc6 23. Be3 b4 24. axb4 Ke8 25. Kb1 Qa4 26. Bd3 Nc6 27. c3 a5 28. Bc2 Qb5 29. Qxd6 axb4 30. cxb4 Nxb4 31. Bb6 Nxc2 0-1

[Event "Titled Tuesday intern op 14th Mar Late"]
[Site "Chess.com INT"]
[Date "2023.03.14"]
[Round "2"]
[White "Rodriguez Fontecha, Marcos"]
[Black "Huerter, Helmut"]
[Result "0-1"]
[WhiteElo "2309"]
[BlackElo "2264"]
[PlyCount "44"]
[EventDate "2023.03.14"]
[EventType "swiss (blitz)"]
[EventRounds "11"]
[EventCountry "USA"]
[SourceTitle "EXT 2024"]
[Source "ChessBase"]
[SourceDate "2023.10.10"]
[SourceVersion "1"]
[SourceVersionDate "2023.10.10"]
[SourceQuality "1"]

1. Nf3 Nf6 2. g4 Nxg4 3. e4 d5 4. exd5 Nf6 5. Nc3 Nxd5 6. Bc4 c6 7. d4 g6 8. Bg5 Bg7 9. Qd2 Bg4 10. Be2 Nd7 11. Rg1 Bh5 12. Bh6 Bxh6 13. Qxh6 N7f6 14. 0-0-0 Qa5 15. Nxd5 Qxd5 16. Qe3 Qxa2 17. Qa3 Qxa3 18. bxa3 0-0-0 19. c3 Nd5 20. Kd2 Nf4 21. Rg3 e5 22. Ke3 Nxe2 0-1

[Event "Titled Tuesday intern op 7th Mar Early"]
[Site "Chess.com INT"]
[Date "2023.03.07"]
[Round "5"]
[White "Huerter, Helmut"]
[Black "Buksa, Nataliya"]
[Result "1/2-1/2"]
[WhiteElo "2264"]
[BlackElo "2405"]
[PlyCount "59"]
[EventDate "2023.03.07"]
[EventType "swiss (blitz)"]
[EventRounds "11"]
[EventCountry "USA"]
[SourceTitle "EXT 2024"]
[Source "ChessBase"]
[SourceDate "2023.10.10"]
[SourceVersion "1"]
[SourceVersionDate "2023.10.10"]
[SourceQuality "1"]

1. e4 c5 2. Nc3 Nc6 3. Nf3 e5 4. Bc4 Be7 5. d3 d6 6. Nd2 Bg5 7. Nf1 Bxc1 8. Rxc1 Nf6 9. Ne3 0-0 10. Ncd5 a6 11. a4 Rb8 12. 0-0 b5 13. axb5 axb5 14. Bb3 Nxd5 15. Bxd5 Ne7 16. Ra1 Be6 17. Bxe6 fxe6 18. Ra6 Qd7 19. Qa1 Nc6 20. c3 b4 21. Nc4 Qc7 22. Qa4 Rfc8 23. Ra1 h6 24. h3 Rb7 25. Ra8 Rbb8 26. Ra6 Kh7 27. Kh2 Rb7 28. Ra8 Rbb8 29. Ra6 Kg8 30. Kg1 1/2-1/2